Przywódcy w Civilization VI - Statystyki

Ogólne statystyki
  • Ten quiz został rozwiązany 90 razy
  • Średni wynik to 19 z 45
Statystyki odpowiedzi
Cywilizacja Przywódca % Poprawnych
Macedonia Aleksander Macedoński
92%
Polska Jadwiga Andegaweńska
88%
Rosja Piotr I Wielki
82%
Indie Mahatma Gandhi
74%
Sumeria Gilgamesz
71%
Egipt Kleopatra
68%
Anglia Wiktoria Hanowerska
65%
Rzym Trajan
64%
Brazylia Pedro II
63%
Grecja Perykles
63%
Ameryka Theodore Roosevelt
63%
Niemcy Fryderyk Barbarossa
62%
Hiszpania Filip II Habsburg
60%
Francja Katarzyna Medycejska
59%
Norwegia Harald Hardrada
55%
Mongolia Czyngis-chan
51%
Aztekowie Montezuma II
51%
Arabia Saladyn
51%
Imperium Osmańskie Sulejman Wspaniały
51%
Grecja Gorgo
49%
Persja Cyrus II Wielki
37%
Węgry Maciej Korwin
37%
Australia John Curtin
36%
Szwecja Krystyna Wazówna
35%
Anglia/Francja Eleonora Akwitańska
33%
Szkocja Robert I Bruce
33%
Gruzja Tamara Wielka
32%
Zulusi Czaka
31%
Fenicjanie Dydona
31%
Japonia Tokimune Hōjō
31%
Mali Mansa Musa
28%
Maorysi Kupe
27%
Kongo Mvemba a Nzinga
27%
Holandia Wilhelmina
27%
Scytia Tomirys
23%
Nubia Amanitore
22%
Kri Płoszący Stado
21%
Chiny Qin Shi Huang
21%
Khmerowie Dżajawarman VII
18%
Kanada Wilfrid Laurier
15%
Indonezja Gitarja
14%
Korea Seondeok
14%
Mapucze Lautaro
13%
Indie Ćandragupta Maurja
9%
Inkowie Pachacutec
5%
Nie znaleziono quizów pasujących do podanych kryteriów
Rozkład punktacji
Procent ludzi z każdym wynikiem
Percentyl według liczby udzielonych odpowiedzi
Twoja historia wyników
Nie rozwiązałeś tego quizu